<?xml version="1.0" encoding="UTF-8"?>
<collection xmlns="http://www.loc.gov/MARC21/slim">
 <record>
  <leader>02207nab a2200241 i 4500</leader>
  <controlfield tag="001">acta48113</controlfield>
  <controlfield tag="005">20260107144249.0</controlfield>
  <controlfield tag="008">170615s2017    hu      o     000   hun d</controlfield>
  <datafield tag="022" ind1=" " ind2=" ">
   <subfield code="a">2064-4361</subfield>
  </datafield>
  <datafield tag="040" ind1=" " ind2=" ">
   <subfield code="a">SZTE Egyetemi Kiadványok Repozitórium</subfield>
   <subfield code="b">hun</subfield>
  </datafield>
  <datafield tag="041" ind1=" " ind2=" ">
   <subfield code="a">hun</subfield>
  </datafield>
  <datafield tag="041" ind1=" " ind2=" ">
   <subfield code="a">eng</subfield>
  </datafield>
  <datafield tag="100" ind1="1" ind2=" ">
   <subfield code="a">Pintye Alexandra</subfield>
  </datafield>
  <datafield tag="245" ind1="1" ind2="0">
   <subfield code="a">Közgazdász hallgatók pénzügyi kultúrája</subfield>
   <subfield code="h">[elektronikus dokumentum] /</subfield>
   <subfield code="c"> Pintye Alexandra</subfield>
  </datafield>
  <datafield tag="260" ind1=" " ind2=" ">
   <subfield code="a">Egyesület Közép-Európa Kutatására</subfield>
   <subfield code="b">Szeged</subfield>
   <subfield code="c">2017</subfield>
  </datafield>
  <datafield tag="300" ind1=" " ind2=" ">
   <subfield code="a">191-199</subfield>
  </datafield>
  <datafield tag="490" ind1="0" ind2=" ">
   <subfield code="a">Taylor : gazdálkodás- és szervezéstudományi folyóirat</subfield>
   <subfield code="v">9 No. 1</subfield>
  </datafield>
  <datafield tag="520" ind1="3" ind2=" ">
   <subfield code="a">The crisis of 2008 drew attention to the low level of financial knowledge among the population bringing research into financial literacy to the fore. The literature has given priority to young people, because in order to be able to avoid a future crisis, it is necessary to develop the next generation’s financial literacy. In our research financial literacy (described by its three components – financial knowledge, financial behaviour, and financial attitudes) of 3rd year economics students from a Hungarian university was examined and compared to “average” young people from previous studies not receiving financialeconomic knowledge in the frame of organized education. Our major findings include that examined students significantly undervalued their own financial knowledge in spite of being above average; their financial behaviour shows no significant difference compared to “average” young people (except the acquisition of information prior to the purchase of financial products) as well as their financial attitudes that is above average similarly to the previous research findings. Besides this we found no evidence of the fact that financial knowledge gained in secondary school increases financial literacy that suggests developing financial literacy is not even late in higher education.</subfield>
  </datafield>
  <datafield tag="650" ind1=" " ind2="4">
   <subfield code="a">Társadalomtudományok</subfield>
  </datafield>
  <datafield tag="650" ind1=" " ind2="4">
   <subfield code="a">Közgazdasági és gazdálkodástudományok</subfield>
  </datafield>
  <datafield tag="695" ind1=" " ind2=" ">
   <subfield code="a">Gazdasági és pénzügyi ismeretek - ifjúság</subfield>
  </datafield>
  <datafield tag="700" ind1="0" ind2="1">
   <subfield code="a">Kiss Marietta</subfield>
   <subfield code="e">aut</subfield>
  </datafield>
  <datafield tag="856" ind1="4" ind2="0">
   <subfield code="u">http://acta.bibl.u-szeged.hu/48113/1/vikek_027_191-199.pdf</subfield>
   <subfield code="z">Dokumentum-elérés </subfield>
  </datafield>
 </record>
</collection>
